Mathematics-X (Record no. 11519)
[ view plain ]
| 000 -LEADER | |
|---|---|
| fixed length control field | 00245nam a22000977a 4500 |
| 008 - FIXED-LENGTH DATA ELEMENTS--GENERAL INFORMATION | |
| fixed length control field | 190531b ||||| |||| 00| 0 eng d |
| 020 ## - INTERNATIONAL STANDARD BOOK NUMBER | |
| International Standard Book Number | 9788177394498 |
| 100 ## - MAIN ENTRY--PERSONAL NAME | |
| Personal name | Aggarwal,M.L. |
| 9 (RLIN) | 7232 |
| 245 ## - TITLE STATEMENT | |
| Title | Mathematics-X |
| 260 ## - PUBLICATION, DISTRIBUTION, ETC. (IMPRINT) | |
| Place of publication, distribution, etc. | New Delhi |
| Name of publisher, distributor, etc. | Avichal |
| Date of publication, distribution, etc. | 2016 |
| Withdrawn status | Lost status | Source of classification or shelving scheme | Damaged status | Koha normalized classification for sorting | Not for loan | Home library | Current library | Shelving location | Date acquired | Total Checkouts | Full call number | Barcode | Date last seen | Date last checked out | Price effective from | Koha item type |
|---|---|---|---|---|---|---|---|---|---|---|---|---|---|---|---|---|
| Dewey Decimal Classification | AGG_510_000000000000000_I12 | Good Samaritan School Library | Good Samaritan School Library | Computer Science | 05/31/2019 | 3 | AGG510 I-12 | AGG15067 | 09/18/2023 | 09/11/2023 | 05/31/2019 | BOOK |